Insurance planning : (Record no. 3773)
[ view plain ]
| 000 -LEADER | |
|---|---|
| fixed length control field | 01475nam a2200169 4500 |
| 020 ## - INTERNATIONAL STANDARD BOOK NUMBER | |
| ISBN | 9781419585586 |
| 050 ## - CALL NUMBER | |
| Classification number | HG9970 |
| Item number | .In8 |
| 100 ## - AUTHOR | |
| Personal name | DF Institute |
| 245 ## - TITLE | |
| Title | Insurance planning : |
| Remainder of title | Kaplan review for the CFP certification Examination. |
| Statement of responsibility, etc | DF Institute |
| 250 ## - EDITION | |
| Edition statement | 10th ed |
| 260 ## - PUBLICATION INFORMATION | |
| Place of publication | USA |
| Name of publisher | DF Institute, Inc |
| Year of publication | 2006 |
| 300 ## - DESCRIPTION | |
| Number of Pages | lxiv, 233p. |
| Dimensions | 28cm |
| 500 ## - NOTES | |
| General note | Includes index |
| 505 ## - FORMATTED CONTENTS NOTE | |
| Table of Content | I. Introduction to insurance <br/>II. The legal nature of insurance <br/>III. Life insurance in general <br/>IV. Types of life insurance <br/>V. Retirement programs and business uses of life and health insurance <br/>VI. Calculating life insurance amount <br/>VII. Annuities <br/>VIII. Tax treatment of life insurance and annuities <br/>IX. Choosing life insurance companies <br/>X. Cost comparison of life insurance policies <br/>XI. Disability insurance <br/>XII. Individual health and disability insurance policy provisions <br/>XIII. Health insurance for medical expenses <br/>XIV. The basic issues of long-term care <br/>XV. The old age, survivors, disability, and health insurance program (OASDHI)<br/>XVI. Other compulsory social insurance <br/>XVII. Homeowners insurance-General provisions <br/>XVIII. Perils <br/>XIX. Other personal forms property insurance <br/>XX. Liability insurance for the individual <br/>XXI. Automobile insurance <br/>XXII. The personal Auto policy <br/>XXIII. Business and professional use of property and liability insurance <br/>Questions<br/>Solutions |
| 650 ## - SUBJECTS | |
| Topical Term | Insurance-- |
| General subdivision | planning. |
| 942 ## - ADDED ENTRY ELEMENTS (KOHA) | |
| Koha item type | Books |
| Withdrawn status | Lost status | Collection code | Home library | Current library | Shelving location | Date acquired | Full call number | Accession Number | Koha item type |
|---|---|---|---|---|---|---|---|---|---|
| Reference | Methodist University Library Main | Methodist University Library Main | General Stacks | 24/08/2013 | HG9970 .In8 | 38033 | Books |